[Event "Landsturneringen 2015"]
[Site "Oppsal arena, Oslo"]
[Date "2015.07.04"]
[Round "3"]
[White "Østenstad, Berge"]
[Black "Fossan, Petter"]
[Result "1/2-1/2"]
[WhiteElo "2456"]
[BlackElo "2308"]
[PlyCount "83"]
[EventDate "2015.??.??"]

1. d4 e6 2. c4 Nf6 3. Nf3 Bb4+ 4. Nbd2 O-O 5. a3 Be7 6. e4 d5 7. e5 Nfd7 8. b4
a5 9. b5 c5 10. cxd5 exd5 11. Bd3 cxd4 12. Qc2 Kh8 13. Nb3 a4 14. Nbxd4 Nc5 15.
Be2 Bg4 16. O-O Nbd7 17. Re1 Ne4 18. Bb2 Qb6 19. Rac1 Ndc5 20. h3 Bd7 21. Bf1
Rac8 22. Qe2 Nb3 23. Nxb3 axb3 24. Nd4 Bc5 25. Qe3 Rfe8 26. Rcd1 Rxe5 27. Qxb3
Nd2 28. Qc3 Rxe1 29. Rxe1 Ne4 30. Qe3 Re8 31. Rd1 f6 32. Qb3 Qd6 33. g3 Qe5 34.
Bg2 Qh5 35. Re1 Nd2 36. Rxe8+ Qxe8 37. Qxd5 Qe1+ 38. Kh2 Qxf2 39. Qxd7 Nf1+ 40.
Kh1 Nxg3+ 41. Kh2 Nf1+ 42. Kh1
1/2-1/2

[Event "Landsturneringen 2015"]
[Site "Oppsal arena, Oslo"]
[Date "2015.07.04"]
[Round "3"]
[White "Djurhuus, Rune"]
[Black "Salomon, Johan"]
[Result "0-1"]
[WhiteElo "2422"]
[BlackElo "2419"]
[PlyCount "80"]
[EventDate "2015.??.??"]

1. e4 c5 2. Nf3 e6 3. d4 cxd4 4. Nxd4 Nc6 5. Nc3 Qc7 6. g3 Nf6 7. Bg2 a6 8. O-O
Be7 9. Re1 O-O 10. Nxc6 dxc6 11. e5 Rd8 12. Qf3 Nd5 13. h4 Nxc3 14. Qxc3 h6 15.
Be3 c5 16. b4 c4 17. Rad1 Bd7 18. Rd4 Bb5 19. Rg4 h5 20. Rf4 Rd7 21. g4 a5 22.
a3 axb4 23. axb4 Ra4 24. Rb1 Qd8 25. Bd4 g5 26. hxg5 Bxg5 27. Re4 Bc6 28. Rd1
Bxe4 29. Bxe4 Bf4 30. Qxc4 Qg5 31. Rd3 Ra8 32. Kf1 hxg4 33. Be3 Rxd3 34. Bxf4
Rc3 35. Qxc3 Qxf4 36. Bxb7 Qc1+ 37. Kg2 Ra1 38. Qc8+ Kg7 39. Kg3 Ra3+ 40. Kg2
Rh3
0-1

[Event "Landsturneringen 2015"]
[Site "Oppsal arena, Oslo"]
[Date "2015.07.04"]
[Round "3"]
[White "Sagafos, Magne"]
[Black "Skrondal, Inge Sandstad"]
[Result "1/2-1/2"]
[WhiteElo "2409"]
[BlackElo "2271"]
[PlyCount "101"]
[EventDate "2015.??.??"]

1. e4 e5 2. Nf3 Nc6 3. Nc3 Nf6 4. d4 exd4 5. Nxd4 Bb4 6. Nxc6 bxc6 7. Bd3 d5 8.
exd5 cxd5 9. O-O O-O 10. h3 c6 11. Qf3 Re8 12. Bf4 Bd6 13. Rfe1 Be6 14. Ne2
Bxf4 15. Nxf4 Qd6 16. Qg3 Rad8 17. Rad1 Qb8 18. b3 Bd7 19. Rxe8+ Rxe8 20. c4
dxc4 21. Bxc4 Bf5 22. Qg5 Be4 23. Nh5 Nxh5 24. Qxh5 g6 25. Qc5 Re5 26. Qd6 Qxd6
27. Rxd6 Kf8 28. Rd7 Re7 29. Rd8+ Re8 30. Rd2 Re5 31. f3 Bd5 32. Bxd5 cxd5 33.
f4 Re1+ 34. Kf2 Ra1 35. Re2 Rd1 36. Rc2 Kg7 37. Ke2 Rg1 38. Kf2 Rd1 39. Ke2 Rg1
40. Ke3 Kf6 41. Rc6+ Ke7 42. Kf2 Rb1 43. Ra6 d4 44. Kf3 f5 45. Rxa7+ Kd6 46.
Rxh7 Re1 47. Rh8 Kc7 48. Rh7+ Kc6 49. Rh8 Kc7 50. Rh7+ Kc6 51. Rh8
1/2-1/2

[Event "Landsturneringen 2015"]
[Site "Oppsal arena, Oslo"]
[Date "2015.07.04"]
[Round "3"]
[White "Mikalsen, Erlend"]
[Black "Getz, Nicolai"]
[Result "1-0"]
[WhiteElo "2334"]
[BlackElo "2386"]
[PlyCount "79"]
[EventDate "2015.??.??"]

1. e4 e5 2. Nf3 Nc6 3. Bb5 a6 4. Ba4 Nf6 5. O-O b5 6. Bb3 Bb7 7. d3 Be7 8. Nc3
O-O 9. a3 Nd4 10. Nxd4 exd4 11. Ne2 c5 12. c3 d5 13. e5 Nd7 14. cxd4 cxd4 15.
f4 Qb6 16. Ng3 Rfe8 17. Bd2 Bf8 18. Qf3 Nc5 19. Ba2 Na4 20. Rae1 a5 21. Bc1 Nc5
22. f5 b4 23. Nh5 b3 24. Bb1 Kh8 25. Qg4 Na4 26. Rf3 Rac8 27. Bg5 f6 28. Bh6
Re7 29. Rg3 Rcc7 30. Nxf6 Rxe5 31. Rxe5 Qxf6 32. Re6 Qf7 33. Bf4 Rc8 34. Be5
Kg8 35. Bxd4 Rc1+ 36. Kf2 Bc8 37. Bxg7 h5 38. Qxa4 Bxe6 39. Bh6+ Kh7 40. Bxc1
1-0

[Event "Landsturneringen 2015"]
[Site "Oppsal arena, Oslo"]
[Date "2015.07.04"]
[Round "3"]
[White "Nilsen, Joachim B."]
[Black "Byklum, Bjørnar"]
[Result "1/2-1/2"]
[WhiteElo "2369"]
[BlackElo "2300"]
[PlyCount "26"]
[EventDate "2015.??.??"]

1. c4 e6 2. Nf3 d5 3. g3 dxc4 4. Bg2 a6 5. a4 Nc6 6. Na3 Na5 7. Qc2 Qd5 8. O-O
Nf6 9. Rd1 Bd7 10. d4 Bc6 11. Bf4 Qd8 12. Nd2 Bxg2 13. Kxg2 Nd5
1/2-1/2

[Event "Landsturneringen 2015"]
[Site "Oppsal arena, Oslo"]
[Date "2015.07.04"]
[Round "3"]
[White "Moen, Andreas G.R."]
[Black "Røyset, Jon Kr."]
[Result "1-0"]
[WhiteElo "2361"]
[BlackElo "2279"]
[PlyCount "43"]
[EventDate "2015.??.??"]

1. e4 c5 2. Nf3 Nf6 3. Nc3 Nc6 4. d4 cxd4 5. Nxd4 d6 6. Bg5 e6 7. Qd2 a6 8.
O-O-O Bd7 9. f3 Rc8 10. Kb1 b5 11. Bxb5 axb5 12. Ndxb5 Ne5 13. Nxd6+ Bxd6 14.
Qxd6 Nc4 15. Qb4 Qc7 16. Rd4 Qc5 17. Qxc5 Rxc5 18. Bxf6 gxf6 19. Rhd1 Nb6 20.
Rd6 Rc6 21. Rxc6 Bxc6 22. Rd6
1-0

[Event "Landsturneringen 2015"]
[Site "Oppsal arena, Oslo"]
[Date "2015.07.04"]
[Round "3"]
[White "Stubberud, Ørnulf"]
[Black "Fossan, Erik"]
[Result "1/2-1/2"]
[WhiteElo "2306"]
[BlackElo "2356"]
[PlyCount "54"]
[EventDate "2015.??.??"]

1. e4 d5 2. exd5 Nf6 3. d4 Bg4 4. f3 Bf5 5. c4 e6 6. Nc3 exd5 7. c5 Be7 8. Be3
O-O 9. Nge2 b6 10. b4 Nc6 11. Ng3 Be6 12. Qa4 Bd7 13. Bb5 Qe8 14. Kf2 bxc5 15.
bxc5 a6 16. Be2 Na7 17. Qc2 Nb5 18. Rhe1 Be6 19. a4 Nxc3 20. Qxc3 Qc6 21. Qa5
Rfb8 22. Reb1 Bc8 23. Bd3 Nd7 24. Bf4 Bd8 25. Ne2 Nf8 26. Rxb8 Rxb8 27. Rb1
Rxb1
1/2-1/2

[Event "Landsturneringen 2015"]
[Site "Oppsal arena, Oslo"]
[Date "2015.07.04"]
[Round "3"]
[White "Hole, Øystein"]
[Black "Djurhuus, Eivind X"]
[Result "1/2-1/2"]
[WhiteElo "2348"]
[BlackElo "2149"]
[PlyCount "47"]
[EventDate "2015.??.??"]

1. Nf3 c5 2. c4 Nc6 3. Nc3 g6 4. e3 Nf6 5. d4 cxd4 6. exd4 d5 7. cxd5 Nxd5 8.
Qb3 e6 9. Bg5 Be7 10. Bxe7 Ndxe7 11. Rd1 O-O 12. Bb5 Qb6 13. O-O Rd8 14. h3 Bd7
15. Rfe1 Nf5 16. Ne4 Ncxd4 17. Nxd4 Nxd4 18. Qe3 Bxb5 19. Nf6+ Kf8 20. Qh6+ Ke7
21. Qg5 Kf8 22. Qh6+ Ke7 23. Qg5 Kf8 24. Qh6+
1/2-1/2

[Event "Landsturneringen 2015"]
[Site "Oppsal arena, Oslo"]
[Date "2015.07.04"]
[Round "3"]
[White "Røyset, Pål"]
[Black "Grønn, Atle"]
[Result "1-0"]
[WhiteElo "2236"]
[BlackElo "2341"]
[PlyCount "123"]
[EventDate "2015.??.??"]

1. e4 d6 2. d4 g6 3. Nf3 Bg7 4. Bc4 Nf6 5. Qe2 O-O 6. O-O c6 7. Bb3 Bg4 8. Nbd2
d5 9. c3 Bxf3 10. Qxf3 e6 11. Re1 a5 12. e5 Nfd7 13. Qh3 Na6 14. Nf3 Nc7 15.
Bg5 f6 16. exf6 Nxf6 17. Qh4 Qd7 18. Ne5 Qe8 19. Bc2 Nd7 20. Be7 Bf6 21. Bxf6
Nxf6 22. Qg5 Nd7 23. Ng4 Qd8 24. Qh6 Qe7 25. Re3 Qg7 26. Qg5 Rae8 27. Rae1 Qe7
28. Qh6 Qg7 29. Qh4 Qe7 30. Qg3 Nf6 31. Nh6+ Kh8 32. Qe5 Qg7 33. Qg5 Ng8 34.
Ng4 Ne7 35. Rh3 Nf5 36. Ne5 Kg8 37. f4 Qf6 38. Nd7 Qxg5 39. fxg5 Nd6 40. Nf6+
Rxf6 41. gxf6 Rf8 42. Rf3 Kf7 43. g4 h6 44. h4 Nce8 45. Kg2 g5 46. hxg5 hxg5
47. Rh1 Nxf6 48. Rh7+ Ke8 49. Bg6+ Kd8 50. Rg7 b5 51. Bd3 Nde4 52. Bxe4 dxe4
53. Rf1 e3 54. Rxg5 e2 55. Re1 Nd5 56. Kg3 Nf4 57. Rg7 c5 58. Ra7 cxd4 59. Ra8+
Ke7 60. Rxf8 d3 61. Rxf4 d2 62. Rff1
1-0

[Event "Landsturneringen 2015"]
[Site "Oppsal arena, Oslo"]
[Date "2015.07.04"]
[Round "4"]
[White "Salomon, Johan"]
[Black "Tari, Aryan"]
[Result "1-0"]
[WhiteElo "2419"]
[BlackElo "2499"]
[PlyCount "47"]
[EventDate "2015.??.??"]

1. d4 Nf6 2. Bg5 e6 3. e4 h6 4. Bxf6 Qxf6 5. c3 d6 6. Bd3 Nc6 7. Ne2 Bd7 8. O-O
O-O-O 9. b4 g5 10. b5 Ne7 11. a4 Kb8 12. Nd2 e5 13. d5 h5 14. a5 Bh6 15. b6 g4
16. a6 cxb6 17. axb7 Kxb7 18. Rxa7+ Kxa7 19. Qa1+ Kb8 20. Rb1 Rdg8 21. Rxb6+
Kc7 22. Qa5 Bc8 23. Bb5 Bb7 24. Rxd6+
1-0

[Event "Landsturneringen 2015"]
[Site "Oppsal arena, Oslo"]
[Date "2015.07.04"]
[Round "4"]
[White "Urkedal, Frode Olav Olsen"]
[Black "Holm, Kristian Stuvik"]
[Result "1/2-1/2"]
[WhiteElo "2512"]
[BlackElo "2398"]
[PlyCount "77"]
[EventDate "2015.??.??"]

1. d4 Nf6 2. c4 g6 3. Nc3 d5 4. Nf3 Bg7 5. cxd5 Nxd5 6. e4 Nxc3 7. bxc3 c5 8.
Be3 Qa5 9. Nd2 Bd7 10. Rb1 cxd4 11. cxd4 O-O 12. Bc4 Ba4 13. Qe2 Nc6 14. O-O
Nxd4 15. Bxd4 Bxd4 16. Rxb7 e6 17. Nb3 Bxb3 18. axb3 Rab8 19. Rxb8 Rxb8 20. Kh1
Qc3 21. f4 Re8 22. Qd1 Kg7 23. Qb1 Qb2 24. Qe1 Qc3 25. Qh4 Qa5 26. Qg3 f6 27.
f5 exf5 28. exf5 Qe5 29. Qf3 Qe4 30. Qd1 Qe3 31. Be6 Rd8 32. Qg4 Rd6 33. h3 a5
34. Bc4 Rd8 35. Qd1 Bb6 36. Qa1 Qd4 37. Qe1 Qe3 38. Qa1 Qd4 39. Qe1
1/2-1/2

[Event "Landsturneringen 2015"]
[Site "Oppsal arena, Oslo"]
[Date "2015.07.04"]
[Round "4"]
[White "Gausel, Einar J"]
[Black "Mikalsen, Erlend"]
[Result "1/2-1/2"]
[WhiteElo "2485"]
[BlackElo "2334"]
[PlyCount "66"]
[EventDate "2015.??.??"]

1. Nf3 d5 2. g3 Nf6 3. Bg2 e6 4. O-O Be7 5. c4 O-O 6. b3 b6 7. Bb2 Bb7 8. e3 c5
9. Qe2 Nc6 10. Rd1 Qc7 11. Nc3 Rad8 12. Rac1 dxc4 13. bxc4 Qb8 14. d4 cxd4 15.
exd4 Rfe8 16. h3 Bf8 17. Qe3 Qa8 18. Ne2 Ne7 19. Nf4 Nf5 20. Qe2 Bd6 21. Ne5
Ne4 22. h4 Bc7 23. Bh3 g6 24. Ng2 Bxe5 25. dxe5 Nc5 26. Rxd8 Rxd8 27. Rd1 Rxd1+
28. Qxd1 Bf3 29. Qd2 Qe4 30. Qd8+ Kg7 31. Qf6+ Kg8 32. Qd8+ Kg7 33. Qf6+ Kg8
1/2-1/2

[Event "Landsturneringen 2015"]
[Site "Oppsal arena, Oslo"]
[Date "2015.07.04"]
[Round "4"]
[White "Djurhuus, Eivind X"]
[Black "Djurhuus, Rune"]
[Result "0-1"]
[WhiteElo "2149"]
[BlackElo "2422"]
[PlyCount "90"]
[EventDate "2015.??.??"]

1. e4 c5 2. Nf3 d6 3. Bb5+ Nd7 4. O-O a6 5. Bd3 Ngf6 6. c3 e5 7. Bc2 Be7 8. d4
b5 9. d5 O-O 10. a4 Rb8 11. b3 Nh5 12. Re1 g6 13. Nbd2 Ng7 14. Nf1 f5 15. axb5
axb5 16. h3 f4 17. Bd2 g5 18. N3h2 h5 19. f3 Nf6 20. Qe2 Qe8 21. Ra7 Bd8 22.
Rea1 Bb6 23. Ra8 Rxa8 24. Rxa8 c4+ 25. Kh1 Qg6 26. Bd1 g4 27. hxg4 hxg4 28.
fxg4 Nxe4 29. Be1 Nf6 30. bxc4 bxc4 31. Qxc4 Bc5 32. Bf2 Bxf2 33. Rxc8 Rxc8 34.
Qxc8+ Kh7 35. c4 Bc5 36. Qd8 Ne4 37. Qh4+ Qh6 38. Qxh6+ Kxh6 39. Bc2 Nf2+ 40.
Kg1 Nxg4+ 41. Kh1 Nf2+ 42. Kg1 e4 43. Nd2 Nf5 44. Kf1 Ng3+ 45. Ke1 e3
0-1

[Event "Landsturneringen 2015"]
[Site "Oppsal arena, Oslo"]
[Date "2015.07.04"]
[Round "4"]
[White "Elsness, Frode"]
[Black "Hole, Øystein"]
[Result "1-0"]
[WhiteElo "2434"]
[BlackElo "2348"]
[PlyCount "53"]
[EventDate "2015.??.??"]

1. d4 d5 2. c4 c6 3. Nc3 dxc4 4. e3 b5 5. a4 b4 6. Ne4 Qd5 7. Ng3 Nf6 8. Be2 e6
9. e4 Nxe4 10. Bf3 f5 11. N1e2 Bd6 12. Nf4 Bxf4 13. Bxf4 Nd7 14. O-O O-O 15.
Re1 Ndf6 16. Be5 Qd7 17. Nxe4 Nxe4 18. Bxe4 fxe4 19. Rxe4 a5 20. Qh5 Rf5 21.
Qh4 Bb7 22. Rg4 Rf7 23. Re1 c5 24. Re3 cxd4 25. Reg3 c3 26. Bxg7 Rxg7 27. Qf6
1-0

[Event "Landsturneringen 2015"]
[Site "Oppsal arena, Oslo"]
[Date "2015.07.04"]
[Round "4"]
[White "Christiansen, Johan-Sebastian"]
[Black "Stubberud, Ørnulf"]
[Result "1/2-1/2"]
[WhiteElo "2409"]
[BlackElo "2306"]
[PlyCount "170"]
[EventDate "2015.??.??"]

1. Nf3 Nf6 2. c4 g6 3. d4 Bg7 4. g3 O-O 5. Bg2 d6 6. O-O Nc6 7. Nc3 a6 8. d5
Na5 9. b3 c5 10. dxc6 Nxc6 11. Be3 Ng4 12. Bd2 Rb8 13. Rc1 Bd7 14. h3 Nf6 15.
Ne1 b5 16. cxb5 axb5 17. Kh2 Nd4 18. e3 Ne6 19. Nd3 Qb6 20. Nb4 Rfe8 21. e4
Rbc8 22. Qe2 Nd4 23. Qd3 Qa5 24. Kh1 e5 25. Ne2 Nxe2 26. Qxe2 Qa3 27. Qd3 Bf8
28. Rxc8 Rxc8 29. f4 exf4 30. Rxf4 Nh5 31. Rf2 Qb2 32. g4 Ng7 33. Nd5 Ne8 34.
Be3 Qa1+ 35. Kh2 Qe5+ 36. Bf4 Qe6 37. Bg3 Bg7 38. Nb6 Rc7 39. e5 dxe5 40. Nd5
Ra7 41. Qe3 Ra6 42. Nb4 Rd6 43. Qc5 Bf8 44. Qe3 Bg7 45. Qc5 Bf8 46. Qc3 Bg7 47.
Re2 e4 48. Qe1 f5 49. Bxd6 Nxd6 50. Kh1 Be5 51. Qd2 Kg7 52. Qd5 Qe7 53. Nd3 Bg3
54. Qd4+ Qf6 55. Qxf6+ Kxf6 56. Nc5 Bc6 57. a4 bxa4 58. bxa4 Ke5 59. Rc2 Bd5
60. a5 f4 61. a6 f3 62. Nd7+ Ke6 63. Nb6 Nb5 64. Rc5 e3 65. Nxd5 e2 66. Rc6+
Kd7 67. Nf6+ Ke7 68. Nd5+ Kd8 69. Re6 fxg2+ 70. Kxg2 e1=Q 71. Rxe1 Bxe1 72. g5
Bh4 73. Nc3 Nc7 74. Ne4 Nxa6 75. Kf3 Ke7 76. Kg4 Be1 77. h4 Kf7 78. h5 Bb4 79.
Nf6 gxh5+ 80. Kxh5 Kg7 81. Ne8+ Kf8 82. Nf6 Kg7 83. Ne8+ Kf7 84. Nf6 Kg7 85.
Ne8+ Kf8
1/2-1/2

[Event "Landsturneringen 2015"]
[Site "Oppsal arena, Oslo"]
[Date "2015.07.04"]
[Round "4"]
[White "Skrondal, Inge Sandstad"]
[Black "Østenstad, Berge"]
[Result "0-1"]
[WhiteElo "2271"]
[BlackElo "2456"]
[PlyCount "118"]
[EventDate "2015.??.??"]

1. d4 Nf6 2. c4 g6 3. Nc3 d5 4. cxd5 Nxd5 5. e4 Nxc3 6. bxc3 Bg7 7. Nf3 c5 8.
Rb1 O-O 9. Be2 b6 10. O-O Bb7 11. Qd3 e6 12. Bg5 Qc7 13. Qe3 Nd7 14. Bd3 Rae8
15. Rfe1 e5 16. d5 c4 17. Bc2 Nc5 18. Nd2 Ba6 19. Rb4 f5 20. exf5 gxf5 21. Nxc4
Qd7 22. Nxb6 axb6 23. Rxb6 Rc8 24. h4 e4 25. h5 Bd3 26. Bd1 Qxd5 27. h6 Bxc3
28. Qg3 Kh8 29. Qh4 Rc6 30. Be7 Rxb6 31. Bxf8 Rg6 32. Qe7 Ne6 33. Bb3 Bc4 34.
Rd1 Bxb3 35. Rxd5 Bxd5 36. Bg7+ Bxg7 37. hxg7+ Rxg7 38. Qd6 Bxa2 39. Qa6 Bd5
40. Qd6 Bc4 41. Qe5 Ng5 42. Qxf5 h6 43. Qf8+ Kh7 44. Qf5+ Rg6 45. Kh2 Be6 46.
Qe5 Rg7 47. Qc5 Rf7 48. Kg1 Kg6 49. Qd4 h5 50. Qc5 h4 51. Kh2 h3 52. gxh3 Nxh3
53. Qe5 Ng5 54. Kg2 Bh3+ 55. Kh1 Rxf2 56. Qe8+ Rf7 57. Kh2 Bd7 58. Qb8 Rf2+ 59.
Kg1 Rd2
0-1

[Event "Landsturneringen 2015"]
[Site "Oppsal arena, Oslo"]
[Date "2015.07.04"]
[Round "4"]
[White "Fossan, Erik"]
[Black "Røyset, Pål"]
[Result "1-0"]
[WhiteElo "2356"]
[BlackElo "2236"]
[PlyCount "117"]
[EventDate "2015.??.??"]

1. e4 e5 2. Nf3 Nc6 3. Bc4 Be7 4. d4 d6 5. h3 Nf6 6. Nc3 O-O 7. O-O a6 8. a4
Nxe4 9. Nxe4 d5 10. Bxd5 Qxd5 11. Nc3 Qd6 12. dxe5 Nxe5 13. Nxe5 Qxe5 14. Re1
Qd6 15. Bf4 Qxf4 16. Nd5 Qg5 17. Nxe7+ Kh8 18. Nxc8 Raxc8 19. Qf3 c6 20. Qb3
Rc7 21. Rad1 Qc5 22. Re2 b5 23. Rd3 h6 24. Qc3 Qxc3 25. Rxc3 c5 26. axb5 axb5
27. Re5 Rfc8 28. Kf1 Kg8 29. b3 Kf8 30. Rd5 Ke8 31. Ke2 Rc6 32. Kd3 Ke7 33. b4
c4+ 34. Kd4 Rd6 35. Re3+ Kd7 36. Ree5 Rb8 37. Kc5 Rxd5+ 38. Rxd5+ Kc7 39. Re5
Kd7 40. Re1 h5 41. h4 g6 42. c3 f6 43. Re2 Rb7 44. Re1 Rb8 45. Re3 Rb7 46. Rg3
Ke6 47. Rxg6 Ke5 48. Rg8 Ke4 49. Rd8 f5 50. Rd4+ Ke5 51. f4+ Kf6 52. Rd6+ Kg7
53. Rd5 Kf6 54. Kc6 Ra7 55. Rxb5 Ra3 56. Rc5 Rxc3 57. b5 Re3 58. Rxc4 Re4 59.
Kd5
1-0

[Event "Landsturneringen 2015"]
[Site "Oppsal arena, Oslo"]
[Date "2015.07.04"]
[Round "4"]
[White "Fossan, Petter"]
[Black "Sagafos, Magne"]
[Result "1/2-1/2"]
[WhiteElo "2308"]
[BlackElo "2409"]
[PlyCount "53"]
[EventDate "2015.??.??"]

1. e4 e5 2. Nf3 Nc6 3. Bc4 Bc5 4. c3 Nf6 5. d3 a6 6. O-O Ba7 7. Bb3 d6 8. Be3
Bxe3 9. fxe3 O-O 10. Nbd2 Na5 11. Bc2 c5 12. Qe1 Nc6 13. Qh4 b5 14. Kh1 Rb8 15.
h3 Ne8 16. Qxd8 Nxd8 17. d4 f6 18. b4 c4 19. a4 Rf7 20. axb5 axb5 21. Ra3 Rfb7
22. Rfa1 Nc7 23. Nh4 g6 24. g4 Kg7 25. Kh2 Nf7 26. Kg3 Rb6 27. Nhf3
1/2-1/2

[Event "Landsturneringen 2015"]
[Site "Oppsal arena, Oslo"]
[Date "2015.07.04"]
[Round "4"]
[White "Getz, Nicolai"]
[Black "Nilsen, Joachim B."]
[Result "1-0"]
[WhiteElo "2386"]
[BlackElo "2369"]
[PlyCount "133"]
[EventDate "2015.??.??"]

1. e4 c5 2. Nf3 g6 3. d4 cxd4 4. Qxd4 Nf6 5. Nc3 Nc6 6. Qa4 d6 7. e5 dxe5 8.
Nxe5 Bd7 9. Nxd7 Nxd7 10. Bb5 Bg7 11. O-O O-O 12. Bxc6 bxc6 13. Qxc6 Rc8 14.
Qa4 Bxc3 15. bxc3 Qc7 16. Bg5 Nb6 17. Qa6 Rfd8 18. Rab1 Rd7 19. Rfd1 Rcd8 20.
Rd3 Rxd3 21. cxd3 Qxc3 22. Qxa7 Qxd3 23. Re1 Nd5 24. Qa5 Rb8 25. h4 Kg7 26.
Bxe7 Re8 27. Bg5 Rxe1+ 28. Qxe1 f6 29. Bc1 Qc4 30. Qd2 Nc3 31. Qh6+ Kg8 32. Ba3
Qf7 33. Qd2 Nxa2 34. g4 h5 35. g5 fxg5 36. hxg5 Qe6 37. f3 Kf7 38. Kg2 Ke8 39.
Bb2 Kf7 40. Bf6 Ke8 41. Kg3 Kf7 42. Kh2 h4 43. Kg2 Kf8 44. Qd3 Kf7 45. Qc2 Kf8
46. Qc5+ Ke8 47. Kf2 Kd7 48. Qa7+ Kc8 49. Qa8+ Kc7 50. Bd8+ Kd7 51. Ba5 Ke7 52.
Qa7+ Ke8 53. Qb8+ Kd7 54. Qf4 Qf5 55. Qc4 Qe6 56. Qxe6+ Kxe6 57. Bd2 Kd5 58.
Kg2 Kd4 59. f4 Kd3 60. f5 gxf5 61. g6 Kxd2 62. g7 Ke3 63. g8=Q Nc3 64. Qe6+ Kf4
65. Qh6+ Ke4 66. Qxh4+ f4 67. Qe1+
1-0

[Event "Landsturneringen 2015"]
[Site "Oppsal arena, Oslo"]
[Date "2015.07.04"]
[Round "4"]
[White "Byklum, Bjørnar"]
[Black "Moen, Andreas G.R."]
[Result "1-0"]
[WhiteElo "2300"]
[BlackElo "2361"]
[PlyCount "77"]
[EventDate "2015.??.??"]

1. d4 d5 2. c4 c6 3. Nf3 Nf6 4. e3 e6 5. Bd3 Nbd7 6. O-O Ne4 7. Nfd2 f5 8. f3
Nxd2 9. Bxd2 Be7 10. cxd5 cxd5 11. Nc3 O-O 12. Qe2 Nb6 13. Kh1 Bd7 14. Be1 Rc8
15. Bg3 Nc4 16. e4 f4 17. Bf2 Nb6 18. Rac1 g6 19. Rc2 Bf6 20. Rd1 Qe7 21. e5
Bg5 22. Rdc1 Qb4 23. h4 Be7 24. Kh2 Kg7 25. Nd1 Rxc2 26. Rxc2 Rc8 27. Rxc8 Bxc8
28. Qc2 Bd7 29. h5 Be8 30. Qc7 Kf8 31. Qc1 Bg5 32. Qc3 Qa4 33. Qc5+ Be7 34. Qc1
Bg5 35. Nc3 Qc6 36. Qc2 gxh5 37. Bxh7 Kg7 38. Bd3 Nc4 39. Ne2
1-0

[Event "Landsturneringen 2015"]
[Site "Oppsal arena, Oslo"]
[Date "2015.07.04"]
[Round "4"]
[White "Grønn, Atle"]
[Black "Røyset, Jon Kr."]
[Result "1-0"]
[WhiteElo "2341"]
[BlackElo "2279"]
[PlyCount "141"]
[EventDate "2015.??.??"]

1. Nf3 f5 2. g3 Nf6 3. Bg2 g6 4. d4 d6 5. c3 c6 6. Nbd2 Bg7 7. Qb3 Qb6 8. Nc4
Qxb3 9. axb3 Na6 10. b4 Nc7 11. O-O Ne4 12. Nfd2 O-O 13. Na5 d5 14. Nxe4 fxe4
15. Bf4 e5 16. Bxe5 Bxe5 17. dxe5 Re8 18. f4 exf3 19. exf3 Rxe5 20. f4 Re7 21.
Kf2 Nb5 22. Rfe1 Kf8 23. Rxe7 Kxe7 24. Re1+ Kf7 25. Bf3 Nd6 26. g4 a6 27. Nb3
Bd7 28. Nc5 Rd8 29. Nd3 Bc8 30. h4 Kf8 31. Ne5 Nf7 32. Nxf7 Kxf7 33. Ke3 Re8+
34. Kd2 Rxe1 35. Kxe1 Ke7 36. Kd2 Be6 37. Ke3 Kd6 38. Be2 Bd7 39. Kf3 h5 40.
gxh5 gxh5 41. Ke3 Be8 42. Bd3 Bd7 43. Kd4 Bc8 44. Be2 Bg4 45. Bxg4 hxg4 46. h5
Ke6 47. h6 Kf7 48. f5 b6 49. Ke3 c5 50. bxc5 bxc5 51. Kf4 a5 52. Kxg4 c4 53.
Kf4 d4 54. cxd4 c3 55. bxc3 a4 56. h7 Kg7 57. d5 a3 58. d6 a2 59. d7 a1=Q 60.
h8=Q+ Kxh8 61. d8=Q+ Kh7 62. Qe7+ Kg8 63. Qe8+ Kg7 64. Qe5+ Kf8 65. Qc5+ Kg8
66. Qd5+ Kf8 67. Qc5+ Kg8 68. Ke5 Qe1+ 69. Kd6 Qg3+ 70. Kc6 Kh7 71. Qe7+
1-0

[Event "Landsturneringen 2015"]
[Site "Oppsal arena, Oslo"]
[Date "2015.07.07"]
[Round "5"]
[White "Stubberud, Ørnulf"]
[Black "Fossan, Petter"]
[Result "0-1"]
[WhiteElo "2306"]
[BlackElo "2308"]
[PlyCount "134"]
[EventDate "2015.??.??"]
[TimeControl "6000+735"]
[WhiteClock "0:17:09"]
[BlackClock "0:23:35"]

1. c4 e5 2. g3 Nc6 3. Bg2 g6 4. Nc3 Bg7 5. e3 d6 6. d3 Nf6 7. Nge2 h5 8. h3 O-O
9. O-O Be6 10. Nd5 Ne7 11. e4 c6 12. Nxe7+ Qxe7 13. f4 Qd7 14. Kh2 Nh7 15. Nc3
f5 16. exf5 Bxf5 17. Be3 a6 18. Qd2 Rae8 19. Rae1 Qd8 20. fxe5 Bxe5 21. d4 Bf6
22. b3 Bg5 23. Bxg5 Qxg5 24. Qxg5 Nxg5 25. h4 Nf7 26. Be4 Nh6 27. Bxf5 Nxf5 28.
d5 Ne3 29. Rxf8+ Kxf8 30. Kh3 cxd5 31. Nxd5 Nxd5 32. Rf1+ Kg7 33. cxd5 Re5 34.
Rc1 Kf6 35. Rc7 Re7 36. Rc2 Re5 37. Rc7 Re7 38. Rc2 Re5 39. Rc7 b5 40. Rc6 Rxd5
41. Rxa6 Rd2 42. Rb6 b4 43. Rxb4 Rxa2 44. Rb5 Rd2 45. b4 d5 46. Rb6+ Ke5 47. b5
Rb2 48. Rb8 Ke4 49. b6 Kd3 50. b7 Kd4 51. g4 Rb3+ 52. Kg2 hxg4 53. Rg8 Rxb7 54.
Rxg6 Ke3 55. Rxg4 d4 56. Rg3+ Ke2 57. Kh3 Rf7 58. h5 d3 59. Rxd3 Kxd3 60. Kg4
Ke4 61. Kg5 Ke5 62. h6 Ke6 63. Kg6 Rf1 64. h7 Rg1+ 65. Kh6 Kf7 66. h8=N+ Kf6
67. Kh7 Rg2
0-1

[Event "Landsturneringen 2015"]
[Site "Oppsal arena, Oslo"]
[Date "2015.07.07"]
[Round "5"]
[White "Østenstad, Berge"]
[Black "Fossan, Erik"]
[Result "1-0"]
[WhiteElo "2456"]
[BlackElo "2356"]
[PlyCount "83"]
[EventDate "2015.??.??"]
[TimeControl "6000+2080"]
[WhiteClock "0:03:15"]
[BlackClock "0:00:47"]

1. c4 c5 2. Nf3 Nc6 3. d4 cxd4 4. Nxd4 Nf6 5. Nc3 e6 6. a3 Be7 7. e4 O-O 8. Nc2
b6 9. Be2 Bb7 10. O-O Rc8 11. Ne3 Qc7 12. f4 Rfd8 13. Bd3 d6 14. Bd2 a6 15. Rc1
Qb8 16. Kh1 Na7 17. Qe2 b5 18. f5 bxc4 19. Nxc4 Nb5 20. fxe6 fxe6 21. Nxb5 axb5
22. e5 dxe5 23. Nxe5 Rxc1 24. Bxc1 b4 25. axb4 Qd6 26. b5 Rf8 27. Rd1 Qb4 28.
Nc6 Bxc6 29. Qxe6+ Kh8 30. bxc6 Ng4 31. Be3 Bg5 32. Bg1 Bd8 33. Qe4 Qxe4 34.
Bxe4 Bc7 35. g3 h5 36. Kg2 Rb8 37. Rd2 Rb4 38. Bf3 Rc4 39. b3 Rc3 40. b4 Rb3
41. Bxg4 hxg4 42. Bc5
1-0

[Event "Landsturneringen 2015"]
[Site "Oppsal arena, Oslo"]
[Date "2015.07.07"]
[Round "5"]
[White "Djurhuus, Rune"]
[Black "Gausel, Einar J"]
[Result "1/2-1/2"]
[WhiteElo "2422"]
[BlackElo "2485"]
[PlyCount "150"]
[EventDate "2015.??.??"]
[TimeControl "6000+935"]
[WhiteClock "0:04:08"]
[BlackClock "0:06:24"]

1. e4 e5 2. Nf3 Nc6 3. Bb5 a6 4. Ba4 Nf6 5. O-O Be7 6. d3 b5 7. Bb3 d6 8. c3
O-O 9. Re1 Na5 10. Bc2 c5 11. Nbd2 Re8 12. Nf1 Bf8 13. Bg5 h6 14. Bh4 g6 15. d4
cxd4 16. cxd4 exd4 17. Nxd4 Bg7 18. f3 Bb7 19. a4 Nc4 20. b3 Ne5 21. axb5 axb5
22. Rxa8 Bxa8 23. Qd2 Qb8 24. Qb4 Nc6 25. Nxc6 Bxc6 26. Bg3 Qb6+ 27. Bf2 Qb8
28. Bd4 Re6 29. Qc3 Qe8 30. b4 Bb7 31. Ra1 d5 32. e5 Nh5 33. Qc7 Qc6 34. Qxc6
Bxc6 35. Ra6 Be8 36. Rxe6 fxe6 37. g3 Bf8 38. Bc5 Bxc5+ 39. bxc5 Kf8 40. Nd2 b4
41. Kf2 g5 42. Ke3 Ke7 43. f4 gxf4+ 44. gxf4 Ng7 45. Nf3 Kd8 46. Nd4 Kc7 47.
Bd1 Bg6 48. Kd2 Be4 49. Be2 Nf5 50. Nxe6+ Kd7 51. Nf8+ Kc6 52. Ne6 Kd7 53. Nf8+
Kc6 54. Bg4 Kxc5 55. Ne6+ Kc4 56. Bxf5 Bxf5 57. Ng7 Be4 58. e6 b3 59. e7 b2 60.
e8=Q b1=Q 61. Qc6+ Kb4 62. Qb6+ Kc4 63. Qxb1 Bxb1 64. f5 Kc5 65. f6 Bg6 66. Nf5
d4 67. Nxh6 Kd6 68. f7 Ke7 69. Ng4 Kxf7 70. Ne5+ Kf6 71. Nxg6 Kxg6 72. Kd3 Kh5
73. Kxd4 Kh4 74. Ke3 Kh3 75. Ke2 Kxh2
1/2-1/2